00783nam a2200193Ia 4500008004100000020001500041041001200056082001600068100001600084245006000100250000800160260004100168300000800209650001600217942000700233999001500240952016100255952017300416221030s9999 xx 000 0 und d a8129705346 aEnglish a105.23bLyo aR. G. Lyons 0aUnderstanding digital Signal Processingcby R. G. Lyons a2nd bPearson EducationaNew Delhic2005 a683 aBE Computer cBK c3849d3849 pBE 8138g325.00l0o105.23 Lyor2024-06-13 00:00:00w2022-10-30yBK003Print4071aMIETLIBbMIETLIBcBL-Second, FL-1, CUP-77, SH-5, R-5d2006-10-1310HBE pBE 8139g325.00l0o105.23 Lyor2024-06-13 00:00:00w2022-10-30yBK003Print4070aMIETLIBbMIETLIBcBL-Academic Block - C, FL-2, CUP-50, SH-2, R-2d2006-10-1310HBE